000 00269nam a22001217a 4500
008 170602b xxu||||| |||| 00| 0 eng d
041 _aeng
080 _a94(7/8)
100 _a18
101 _aSHH
245 _aTHE DEMOCRATIC EXPERIENCE
_cWRIGHT,L.B
942 _2udc
_cBK
999 _c15826
_d15826